Information management in health services /

Overview: information policy and the market. The practitioner perspective. The academic perspective.

保存先:
書誌詳細
フォーマット: 図書
言語:English
出版事項: Buckingham : Open University Press, 1994.
主題:
タグ: タグ追加
タグなし, このレコードへの初めてのタグを付けませんか!
Thư viện lưu trữ: Mạng thư viện Đại học Đà Nẵng
LEADER 01188cam a2200373 i 4500
001 000049564
003 9314
005 20030312110233.0
008 010319|1994 vm 000 eng
020 |a 0335191169 
040 |a IRC  |c IRC  |d IRC 
041 0 |a eng 
082 1 4 |a 362.10684  |b In-M 
245 0 0 |a Information management in health services /  |c Edited by Justin Keen. 
260 |a Buckingham :  |b Open University Press,  |c 1994. 
300 |a ix, 207 p. :  |b ill. ;  |c 23cm. 
520 3 |a Overview: information policy and the market. The practitioner perspective. The academic perspective. 
630 0 4 |a Great Britain. 
630 0 4 |a Health services. 
630 0 4 |a NHS. 
650 0 4 |a Health services administration  |z Great Britain. 
650 0 4 |a National Health Service (Great Britain) 
650 0 4 |a Information storage and retrieval systems  |x Health services administration  |z Great Britain. 
650 0 4 |a Information resources management. 
OWN |a DUT 
999 |a From the UDN01 
TYP |a Monograph 
TYP |a Printed language 
980 |a Mạng thư viện Đại học Đà Nẵng